Zákon č.610/1992 Zb. o rezervách pre zistenie základu dane z príjmov

Úplné znenie zákona SNR č.610/1992 Zb. o rezervách pre zistenie základu dane z príjmov, s výkladom.

Gespeichert in:
Bibliographische Detailangaben
1. Verfasser: Fekete, Imrich
Format: Buchkapitel
Sprache:Slowakisch
Schlagworte:
Tags: Tag hinzufügen
Keine Tags, Fügen Sie das erste Tag hinzu!

MARC

LEADER 00000naa a2200000 4500
001 r021432
005 20230912111527.4
041 0 |a slo 
044 |a SK 
245 1 0 |a Zákon č.610/1992 Zb. o rezervách pre zistenie základu dane z príjmov  |c Imrich Fekete 
520 |a Úplné znenie zákona SNR č.610/1992 Zb. o rezervách pre zistenie základu dane z príjmov, s výkladom. 
610 2 0 |a rezervy 
610 2 0 |a zákony 
610 2 0 |a Slovensko 
610 2 0 |a 1992 
610 2 0 |a dane z príjmov 
610 2 0 |a komentáre 
100 1 |a Fekete, Imrich